000 00527nam a22001577a 4500
999 _c529164
_d529164
020 _qHardcover.
082 _a210
100 _aSajjad, Saima
245 _aAre Islamic Banks Managing Distributions to their Depositors? :
_bEvidence From Full-Fledged Islamic Banks /
_cSaima Sajjad.
260 _aIslamabad:
_bNBS - NUST,
_c2014.
300 _a59 p.: ill.;
_c30cm.
942 _2ddc
_cTHE
650 _aHRM - MS Thesis
_921029
700 _aSup; Dr. Naukhez Sarwar
_921030